000 00782nam a2200253Ia 4500
003 OSt
005 20221005042123.0
006 a|||||r|||| 00| 0
007 ta
008 221004b |||||||| |||| 00| 0 urd d
020 _a9788190646154 (hbk)
_c450
024 _a106044
037 _b5886/8, 01/01/2011, Modern Publishing House
_cTextual
040 _aCRL
_cCRL
_burd
041 _2urd
_aurd
082 _aO168,8N54x, P8
100 _aFaizi Fayaz Ahamad Au.
_9590274
245 0 _aQand-e-mukarrar
260 _aDelhi
_bTakhkleeqkar Publishers India
_c2008
300 _a152p.
_ccm.
650 _aURDU SATIRE
942 _hO168,8N54x, P8
_cTEXL
_2cc
999 _c949692
_d949692